| 000 | 00765nam a22002057a 4500 | ||
|---|---|---|---|
| 999 |
_c18018 _d18018 |
||
| 003 | AR-CdUCM | ||
| 008 | 190511b ||||| |||| 00| 0 spa d | ||
| 040 |
_aMUNICIPALIDAD PROVINCIAL DEL CUSCO _cBIBLIOTECA MUNICIPAL DEL CUSCO |
||
| 082 |
_a895.1 / _bY96 |
||
| 100 |
_aYutang, Lin _935848 |
||
| 245 | _aDe pagano a cristiano / | ||
| 260 |
_aBuenos Aires : _bSudamericana, _c1960. |
||
| 300 |
_a249 paginas ; _c21 cm. |
||
| 505 | _aContenido: Infancia y juventud -- Comienza el gran rodeo -- La mansión de confusio -- La cumbre del monte tao -- La neblina disolvente del budismo -- La razon en religion... | ||
| 650 |
_aReligion _91195 |
||
| 650 |
_aConfusio _938345 |
||
| 700 |
_aHernani, Miguel de _926534 |
||
| 942 |
_2ddc _cLIBROS |
||
| 945 |
_apjha _d2019-05-11 |
||